[Event "POL-ch Rapid"]
[Site "Lublin"]
[Date "2024.10.05"]
[Round "3"]
[White "Dobrowolski, Piotr"]
[Black "Kowalczuk, Mikolaj"]
[Result "1-0"]
[WhiteElo "2384"]
[BlackElo "2005"]
[PlyCount "94"]
[EventDate "2024.10.05"]
[EventType "swiss (rapid)"]
[EventRounds "9"]
[EventCountry "POL"]
[SourceTitle "CB45_2024"]
[Source "ChessBase"]
[SourceDate "2024.11.06"]
[SourceVersion "1"]
[SourceVersionDate "2024.11.06"]
[SourceQuality "1"]

1. e4 e6 2. d4 d5 3. Nd2 Be7 4. Ngf3 Nf6 5. e5 Nfd7 6. Bd3 c5 7. c3 b6 8. Qe2 a5 9. a4 Ba6 10. Bb5 Qc8 11. 0-0 Nc6 12. c4 Bxb5 13. axb5 Nb4 14. cxd5 Nxd5 15. Ne4 h6 16. Be3 Nxe3 17. Qxe3 Qb7 18. Rfd1 0-0 19. Nd6 Bxd6 20. exd6 Qd5 21. dxc5 Qxc5 22. Qxc5 bxc5 23. Nd2 Rfb8 24. Nc4 Rxb5 25. Ra3 a4 26. Rda1 Rb4 27. b3 Rab8 28. Rxa4 Rxb3 29. Kf1 Kf8 30. Ra7 R3b7 31. Rxb7 Rxb7 32. Ra8+ Rb8 33. Ra7 Ke8 34. Rc7 Kd8 35. Na5 Ke8 36. Nc6 Ra8 37. Ke2 f6 38. f4 Nb6 39. Re7+ Kf8 40. Rxe6 c4 41. Kd2 Rc8 42. Nd4 Nd5 43. d7 c3+ 44. Kc1 Rd8 45. Rd6 Nxf4 46. Nc6 Ne2+ 47. Kc2 g6 1-0

[Event "POL-ch Rapid"]
[Site "Lublin"]
[Date "2024.10.05"]
[Round "7"]
[White "Dobrowolski, Piotr"]
[Black "Licznerski, Lukasz"]
[Result "0-1"]
[WhiteElo "2384"]
[BlackElo "2430"]
[PlyCount "98"]
[EventDate "2024.10.05"]
[EventType "swiss (rapid)"]
[EventRounds "9"]
[EventCountry "POL"]
[SourceTitle "CB45_2024"]
[Source "ChessBase"]
[SourceDate "2024.11.06"]
[SourceVersion "1"]
[SourceVersionDate "2024.11.06"]
[SourceQuality "1"]

1. e4 c6 2. Nf3 d5 3. d3 g6 4. e5 Bg7 5. d4 f6 6. exf6 Nxf6 7. Bd3 Bg4 8. Nbd2 c5 9. c3 cxd4 10. cxd4 Nc6 11. h3 Bf5 12. Bxf5 gxf5 13. 0-0 0-0 14. Nb3 Ne4 15. Bf4 Rc8 16. Ne5 Nxe5 17. Bxe5 Bxe5 18. dxe5 e6 19. Nd4 Qb6 20. Qd3 Kh8 21. f3 Ng3 22. Rf2 f4 23. Rd1 Nf5 24. Nxf5 Rxf5 25. Qd4 Rc1 26. Rfd2 Qxd4+ 27. Rxd4 Rxd1+ 28. Rxd1 Rxe5 29. Kf2 Kg7 30. Rc1 Rf5 31. Ke2 Rf7 32. Kd3 Kf6 33. Kd4 Rd7 34. Rc8 e5+ 35. Kd3 Rg7 36. Rc2 Kf5 37. a4 h5 38. h4 a6 39. a5 Rg3 40. Rf2 Rg6 41. b4 Rc6 42. Rb2 Rc1 43. b5 Ra1 44. bxa6 bxa6 45. Rb8 e4+ 46. fxe4+ dxe4+ 47. Ke2 Kg4 48. Rb4 Ra2+ 49. Kf1 e3 0-1

[Event "POL-chT 1st League"]
[Site "Darlowo"]
[Date "2024.09.18"]
[Round "5.32"]
[White "Mika, Tomasz1"]
[Black "Dobrowolski, Piotr"]
[Result "0-1"]
[WhiteElo "2183"]
[BlackElo "2391"]
[PlyCount "54"]
[EventDate "2024.09.14"]
[EventType "team-swiss"]
[EventRounds "9"]
[EventCountry "POL"]
[SourceTitle "EXT 2025"]
[Source "ChessBase"]
[SourceDate "2024.10.14"]
[SourceVersion "1"]
[SourceVersionDate "2024.10.14"]
[SourceQuality "1"]

1. d4 Nf6 2. Nf3 b6 3. Bf4 Bb7 4. h3 g6 5. e3 Bg7 6. Bd3 d6 7. Qe2 0-0 8. e4 Nh5 9. Bg5 c5 10. g4 Nf6 11. dxc5 bxc5 12. Nbd2 Nc6 13. c3 Rb8 14. Nc4 Na5 15. Nfd2 Nxc4 16. Bxc4 d5 17. Bb3 Nxe4 18. Nxe4 dxe4 19. Be3 Qd3 20. Qxd3 exd3 21. Rg1 Rfc8 22. Bc4 Bf3 23. Rg3 Be2 24. Bc1 Rd8 25. Bb3 c4 26. Bd1 Bxd1 27. Kxd1 d2 0-1

[Event "Titled Tuesday intern op 17th Sep Late"]
[Site "Chess,com INT"]
[Date "2024.09.17"]
[Round "5"]
[White "Dobrowolski, Piotr"]
[Black "Mekhitarian, Krikor Sevag"]
[Result "0-1"]
[WhiteElo "2391"]
[BlackElo "2560"]
[PlyCount "58"]
[EventDate "2024.09.17"]
[EventType "swiss (blitz)"]
[EventRounds "11"]
[EventCountry "USA"]
[SourceTitle "EXT 2025"]
[Source "ChessBase"]
[SourceDate "2024.10.14"]
[SourceVersion "1"]
[SourceVersionDate "2024.10.14"]
[SourceQuality "1"]

1. d4 Nf6 2. Nf3 g6 3. g3 Bg7 4. Bg2 d5 5. 0-0 0-0 6. c4 dxc4 7. Na3 c3 8. bxc3 c5 9. e3 Nc6 10. Bb2 Qb6 11. Qe2 Bf5 12. Nc4 Qa6 13. Nfd2 Rfd8 14. Rfe1 Bg4 15. Qf1 Be6 16. a4 Rac8 17. Rec1 h5 18. h3 b6 19. Kh2 Na5 20. Nxa5 Qxa5 21. Qb5 Nd5 22. Qxa5 bxa5 23. Ba3 cxd4 24. cxd4 Nb4 25. Rxc8 Rxc8 26. Ne4 Nc2 27. Bb2 Nxa1 28. Bxa1 Rc2 29. Nc5 Rxf2 0-1

[Event "Titled Tuesday intern op 17th Sep Late"]
[Site "Chess,com INT"]
[Date "2024.09.17"]
[Round "10"]
[White "Shapiro, Viktor"]
[Black "Dobrowolski, Piotr"]
[Result "0-1"]
[WhiteElo "2074"]
[BlackElo "2391"]
[PlyCount "70"]
[EventDate "2024.09.17"]
[EventType "swiss (blitz)"]
[EventRounds "11"]
[EventCountry "USA"]
[SourceTitle "EXT 2025"]
[Source "ChessBase"]
[SourceDate "2024.10.14"]
[SourceVersion "1"]
[SourceVersionDate "2024.10.14"]
[SourceQuality "1"]

1. c4 e5 2. Nc3 Nf6 3. g3 c6 4. Bg2 d5 5. cxd5 cxd5 6. Qb3 Nc6 7. Nxd5 Nd4 8. Nxf6+ Qxf6 9. Qd1 Bf5 10. d3 Rc8 11. Kf1 Qa6 12. Nf3 Nc2 13. Rb1 Qxa2 14. Be3 f6 15. h4 Bb4 16. h5 0-0 17. Rh4 Nxe3+ 18. fxe3 e4 19. dxe4 Be6 20. Nd4 Rfd8 21. Bh3 Bxh3+ 22. Rxh3 Bc5 23. h6 Bxd4 24. exd4 Qe6 25. Rh4 g5 26. d5 Qe8 27. Rg4 Qh5 28. e3 Qh1+ 29. Ke2 Qg2+ 30. Kd3 Rc5 31. Rc1 Rxc1 32. Qxc1 Qf3 33. Qc7 Qd1+ 34. Kc3 Qc1+ 35. Kb3 Qxc7 0-1

[Event "Titled Tuesday intern op 17th Sep Late"]
[Site "Chess,com INT"]
[Date "2024.09.17"]
[Round "4"]
[White "Shevchenko, Yaroslav"]
[Black "Dobrowolski, Piotr"]
[Result "0-1"]
[WhiteElo "2038"]
[BlackElo "2391"]
[PlyCount "36"]
[EventDate "2024.09.17"]
[EventType "swiss (blitz)"]
[EventRounds "11"]
[EventCountry "USA"]
[SourceTitle "EXT 2025"]
[Source "ChessBase"]
[SourceDate "2024.10.14"]
[SourceVersion "1"]
[SourceVersionDate "2024.10.14"]
[SourceQuality "1"]

1. e4 c5 2. g3 d5 3. d3 dxe4 4. dxe4 Qxd1+ 5. Kxd1 Nc6 6. Be3 b6 7. c3 Bb7 8. Nd2 0-0-0 9. Kc2 h5 10. h4 Nf6 11. f3 Ne5 12. Nc4 Nxf3 13. Nxf3 Bxe4+ 14. Kc1 Bxf3 15. Bh3+ e6 16. Rf1 Be2 17. Rf4 Nd5 18. Re4 Bxc4 0-1

[Event "POL-chT 1st League"]
[Site "Darlowo"]
[Date "2024.09.15"]
[Round "2.20"]
[White "Dobrowolski, Piotr"]
[Black "Borgula, Rafal"]
[Result "1/2-1/2"]
[WhiteElo "2391"]
[BlackElo "2195"]
[PlyCount "121"]
[EventDate "2024.09.14"]
[EventType "team-swiss"]
[EventRounds "9"]
[EventCountry "POL"]
[SourceTitle "EXT 2025"]
[Source "ChessBase"]
[SourceDate "2024.10.14"]
[SourceVersion "1"]
[SourceVersionDate "2024.10.14"]
[SourceQuality "1"]

1. e4 c5 2. Nf3 a6 3. c3 d5 4. exd5 Qxd5 5. d4 e6 6. Bd3 cxd4 7. cxd4 Nf6 8. Nc3 Qd8 9. 0-0 Be7 10. Re1 0-0 11. Bc2 b5 12. Qd3 Nbd7 13. Bg5 Bb7 14. Rad1 b4 15. Na4 Rc8 16. Ne5 Nxe5 17. dxe5 Qxd3 18. Bxd3 Nd5 19. Bxe7 Nxe7 20. Nb6 Rc6 21. Nc4 Rc7 22. Nd6 Bd5 23. b3 Ra8 24. Rc1 Rd7 25. Rc5 Nc6 26. f4 f6 27. Rec1 Nd4 28. Rc7 Rxc7 29. Rxc7 fxe5 30. fxe5 Nc6 31. Nc4 Rf8 32. Ne3 Nxe5 33. Bxa6 Ra8 34. Nxd5 exd5 35. Bb7 Rxa2 36. Bxd5+ Kf8 37. h3 Rd2 38. Be4 h6 39. Rc5 Nf7 40. Rc4 Nd6 41. Rxb4 Nxe4 42. Rxe4 Rb2 43. Re3 Kf7 44. Kf1 Kf6 45. Rg3 Kf5 46. Rf3+ Ke4 47. Kg1 g5 48. Kh2 h5 49. Rc3 Ke5 50. Kg3 h4+ 51. Kf3 Kf6 52. g4 hxg3 53. Kxg3 Kf5 54. Rf3+ Kg6 55. Kg4 Rg2+ 56. Rg3 Rb2 57. Rc3 Rg2+ 58. Kf3 Rh2 59. Ke4 Kh5 60. Kd5 Kh4 61. b4 1/2-1/2

[Event "POL-chT 1st League"]
[Site "Darlowo"]
[Date "2024.09.14"]
[Round "1.2"]
[White "Mulawa, Cyprian"]
[Black "Dobrowolski, Piotr"]
[Result "1-0"]
[WhiteElo "2314"]
[BlackElo "2391"]
[PlyCount "49"]
[EventDate "2024.09.14"]
[EventType "team-swiss"]
[EventRounds "9"]
[EventCountry "POL"]
[SourceTitle "EXT 2025"]
[Source "ChessBase"]
[SourceDate "2024.10.14"]
[SourceVersion "1"]
[SourceVersionDate "2024.10.14"]
[SourceQuality "1"]

1. e4 e6 2. d4 d5 3. Nc3 Nf6 4. e5 Nfd7 5. f4 c5 6. Nf3 Nc6 7. Be3 a6 8. Qd2 b5 9. dxc5 Bxc5 10. Bxc5 Nxc5 11. Qf2 Qb6 12. Bd3 b4 13. Ne2 a5 14. 0-0 Ba6 15. f5 exf5 16. Nf4 Ne7 17. e6 f6 18. Rad1 Qd6 19. Qg3 Ng6 20. Nd4 Bxd3 21. cxd3 Nxf4 22. Qxg7 0-0-0 23. Qa7 Rhg8 24. Nxf5 Ne2+ 25. Kh1 1-0

[Event "Pardubice Czech op-A 35th"]
[Site "Pardubice"]
[Date "2024.07.27"]
[Round "9"]
[White "Zielonka, Adam"]
[Black "Dobrowolski, Piotr"]
[Result "1/2-1/2"]
[WhiteElo "2152"]
[BlackElo "2412"]
[PlyCount "44"]
[EventDate "2024.07.19"]
[EventType "swiss"]
[EventRounds "9"]
[EventCountry "CZE"]
[SourceTitle "CBM 221 Extra"]
[Source "ChessBase"]
[SourceDate "2024.09.30"]
[SourceVersion "1"]
[SourceVersionDate "2024.09.30"]
[SourceQuality "1"]

1. e4 c5 2. Nf3 e6 3. d4 cxd4 4. Nxd4 a6 5. c4 Nf6 6. Nc3 Qc7 7. Be2 b6 8. 0-0 Bb7 9. f3 Be7 10. Be3 d6 11. Qd2 0-0 12. a3 Nbd7 13. b4 Rac8 14. Rac1 Qb8 15. Rfd1 Rfe8 16. Bf1 Bd8 17. Nb3 Bc7 18. Kh1 d5 19. cxd5 exd5 20. Nxd5 Nxd5 21. exd5 Bxh2 22. Rxc8 Bxc8 1/2-1/2

[Event "Pardubice rapid op 35th"]
[Site "Pardubice"]
[Date "2024.07.18"]
[Round "7"]
[White "Dobrowolski, Piotr"]
[Black "Kulon, Klaudia"]
[Result "0-1"]
[WhiteElo "2412"]
[BlackElo "2379"]
[PlyCount "88"]
[EventDate "2024.07.17"]
[EventType "swiss (rapid)"]
[EventRounds "9"]
[EventCountry "CZE"]
[SourceTitle "CBM 221 Extra"]
[Source "ChessBase"]
[SourceDate "2024.09.30"]
[SourceVersion "1"]
[SourceVersionDate "2024.09.30"]
[SourceQuality "1"]

1. e4 e5 2. Nf3 Nc6 3. Bb5 a6 4. Ba4 d6 5. 0-0 Bd7 6. c4 g6 7. d4 Bg7 8. d5 Nce7 9. Nc3 h6 10. Re1 f5 11. c5 Nf6 12. c6 bxc6 13. dxc6 Bxc6 14. exf5 gxf5 15. Bb3 Bd7 16. Nh4 Rb8 17. f4 e4 18. Be3 Qc8 19. Ba7 Rb7 20. Bd4 h5 21. Re3 c5 22. Rg3 cxd4 23. Rxg7 Qc5 24. Na4 Bxa4 25. Bxa4+ Kf8 26. Rxe7 Rxe7 27. Rc1 Qa7 28. Rc8+ Kg7 29. Nxf5+ Kh7 30. Rxh8+ Kxh8 31. Qxd4 Qxd4+ 32. Nxd4 e3 33. Ne2 d5 34. Bc2 a5 35. h3 h4 36. Kf1 Rc7 37. Bd3 Nh5 38. Bg6 Ng3+ 39. Nxg3 hxg3 40. Ke2 d4 41. Kd3 Rc1 42. Bh5 Rg1 43. Bf3 Rf1 44. Bd5 Rf2 0-1

[Event "Pardubice rapid op 35th"]
[Site "Pardubice"]
[Date "2024.07.18"]
[Round "6"]
[White "Jirka, Jiri"]
[Black "Dobrowolski, Piotr"]
[Result "0-1"]
[WhiteElo "2387"]
[BlackElo "2412"]
[PlyCount "63"]
[EventDate "2024.07.17"]
[EventType "swiss (rapid)"]
[EventRounds "9"]
[EventCountry "CZE"]
[SourceTitle "CBM 221 Extra"]
[Source "ChessBase"]
[SourceDate "2024.09.30"]
[SourceVersion "1"]
[SourceVersionDate "2024.09.30"]
[SourceQuality "1"]

1. d4 e6 2. c4 c5 3. d5 exd5 4. cxd5 d6 5. Nc3 g6 6. Nf3 Bg7 7. g3 Nf6 8. Bg2 0-0 9. 0-0 Re8 10. h3 a6 11. a4 Nbd7 12. Bf4 Nh5 13. Bg5 f6 14. Bd2 f5 15. e4 Nf8 16. exf5 gxf5 17. Nh4 Nf6 18. Qc2 Qd7 19. f4 Ng6 20. Nf3 Nh5 21. Kh2 Bf6 22. Rfe1 Rf8 23. Rg1 Qg7 24. Bf1 Bd7 25. Bd3 Bd8 26. Nd1 c4 27. Bxc4 Rc8 28. Qb3 Re8 29. Bd3 Nf6 30. Bc3 Ng4+ 31. Kg2 Qh6 32. Bd2 0-1

[Event "Titled Tuesday intern op 16th Jul Early"]
[Site "Chess.com INT"]
[Date "2024.07.16"]
[Round "3"]
[White "Novak, Ratko"]
[Black "Dobrowolski, Piotr"]
[Result "0-1"]
[WhiteElo "2034"]
[BlackElo "2412"]
[PlyCount "50"]
[EventDate "2024.07.16"]
[EventType "swiss (blitz)"]
[EventRounds "11"]
[EventCountry "USA"]
[SourceTitle "EXT 2025"]
[Source "ChessBase"]
[SourceDate "2024.10.14"]
[SourceVersion "1"]
[SourceVersionDate "2024.10.14"]
[SourceQuality "1"]

1. d4 e6 2. c4 c5 3. d5 exd5 4. cxd5 d6 5. Nc3 g6 6. e4 Bg7 7. f4 Bxc3+ 8. bxc3 Nf6 9. Bd3 0-0 10. Ne2 c4 11. Qc2 cxd3 12. Qxd3 Re8 13. Ng3 Nxe4 14. 0-0 Nxg3 15. Qxg3 Bf5 16. Kh1 Nd7 17. Ba3 Nc5 18. Qf2 b6 19. h3 Qd7 20. Rad1 Bd3 21. Rg1 Ne4 22. Qd4 Ba6 23. c4 Ng3+ 24. Kh2 Ne2 25. Bb2 Nxd4 0-1

[Event "Titled Tuesday intern op 16th Jul Early"]
[Site "Chess.com INT"]
[Date "2024.07.16"]
[Round "1"]
[White "Portero Rubio, Martin"]
[Black "Dobrowolski, Piotr"]
[Result "0-1"]
[WhiteElo "2229"]
[BlackElo "2412"]
[PlyCount "150"]
[EventDate "2024.07.16"]
[EventType "swiss (blitz)"]
[EventRounds "11"]
[EventCountry "USA"]
[SourceTitle "EXT 2025"]
[Source "ChessBase"]
[SourceDate "2024.10.14"]
[SourceVersion "1"]
[SourceVersionDate "2024.10.14"]
[SourceQuality "1"]

1. Nf3 Nf6 2. g3 g6 3. Bg2 Bg7 4. 0-0 0-0 5. d3 c5 6. e4 d6 7. Nbd2 Nc6 8. c3 Rb8 9. a4 a6 10. Re1 Nd7 11. Nf1 b5 12. axb5 axb5 13. d4 b4 14. Be3 Bb7 15. Qd2 Nb6 16. dxc5 Nc4 17. Qe2 Nxe3 18. Qxe3 bxc3 19. bxc3 dxc5 20. Qxc5 Rc8 21. Red1 Qe8 22. Qb5 Ba8 23. Rac1 Rb8 24. Qa4 Qc8 25. Ne3 e6 26. Nd4 Rb2 27. Qa3 Rb8 28. Nc4 Rd8 29. Nxc6 Bxc6 30. Nd6 Qc7 31. Qc5 Qb6 32. Qxb6 Rxb6 33. Nc4 Rbb8 34. e5 Bb5 35. Nd6 Ba4 36. Rd4 Bxe5 37. Rxa4 Rxd6 38. f4 Bf6 39. Ra8 Rxa8 40. Bxa8 Rd2 41. Bg2 h5 42. h4 Kf8 43. c4 Bd4+ 44. Kh2 Bc5 45. Rb1 Rd3 46. Rb8+ Kg7 47. Rc8 Bf2 48. c5 Bxg3+ 49. Kh3 Bxf4+ 50. Bf3 Rxf3+ 51. Kg2 Rc3 52. c6 Be5 53. Kf2 Kf6 54. Ke2 Bd6 55. Kd2 Rc5 56. Rh8 Rxc6 57. Ra8 Be5 58. Ra4 Rd6+ 59. Ke2 Rd4 60. Ra6 Rxh4 61. Kf3 Rh3+ 62. Kg2 Rc3 63. Kh1 Kf5 64. Kg2 f6 65. Ra5 g5 66. Kh1 Rc2 67. Kg1 h4 68. Kh1 h3 69. Kg1 g4 70. Rb5 Ke4 71. Rb4+ Bd4+ 72. Kh1 g3 73. Ra4 g2+ 74. Kh2 g1Q+ 75. Kxh3 Rh2# 0-1

[Event "Titled Tuesday intern op 16th Jul Early"]
[Site "Chess.com INT"]
[Date "2024.07.16"]
[Round "4"]
[White "Punin, Andrii"]
[Black "Dobrowolski, Piotr"]
[Result "1-0"]
[WhiteElo "2289"]
[BlackElo "2412"]
[PlyCount "101"]
[EventDate "2024.07.16"]
[EventType "swiss (blitz)"]
[EventRounds "11"]
[EventCountry "USA"]
[SourceTitle "EXT 2025"]
[Source "ChessBase"]
[SourceDate "2024.10.14"]
[SourceVersion "1"]
[SourceVersionDate "2024.10.14"]
[SourceQuality "1"]

1. e4 c5 2. Be2 Nc6 3. f4 g6 4. Nf3 Bg7 5. c3 Nf6 6. d3 0-0 7. 0-0 d5 8. e5 Ne8 9. d4 b6 10. Be3 cxd4 11. cxd4 Nc7 12. h3 Bf5 13. Nc3 Rc8 14. Rc1 Na5 15. b3 Qd7 16. Qd2 f6 17. Bd3 Bxd3 18. Qxd3 f5 19. Rc2 Nb5 20. Rfc1 Nxc3 21. Rxc3 Rxc3 22. Qxc3 e6 23. Qc7 Qxc7 24. Rxc7 Rf7 25. Rc2 h6 26. Bd2 Rb7 27. Kf2 Bf8 28. Ne1 Be7 29. Nd3 Kf7 30. Kf3 Ke8 31. g4 Kd7 32. gxf5 gxf5 33. Bxa5 bxa5 34. Nc5+ Bxc5 35. Rxc5 a4 36. bxa4 Rb4 37. Ra5 Rxd4 38. Rxa7+ Kc6 39. Re7 Rd3+ 40. Ke2 Rxh3 41. Rxe6+ Kc5 42. Rf6 Kd4 43. Rxf5 Ke4 44. Rf8 Rh2+ 45. Kf1 Kf3 46. Ke1 Rxa2 47. Kd1 d4 48. e6 Re2 49. f5 Re5 50. Rd8 Ke3 51. f6 1-0

[Event "Titled Tuesday intern op 02nd Jul Early"]
[Site "Chess.com INT"]
[Date "2024.07.02"]
[Round "9"]
[White "Levi, Eddy"]
[Black "Dobrowolski, Piotr"]
[Result "0-1"]
[WhiteElo "2147"]
[BlackElo "2412"]
[PlyCount "64"]
[EventDate "2024.07.02"]
[EventType "swiss (blitz)"]
[EventRounds "11"]
[EventCountry "USA"]
[SourceTitle "EXT 2025"]
[Source "ChessBase"]
[SourceDate "2024.10.14"]
[SourceVersion "1"]
[SourceVersionDate "2024.10.14"]
[SourceQuality "1"]

1. e4 e6 2. Nc3 d5 3. Nf3 Nf6 4. e5 Nfd7 5. d4 c5 6. dxc5 Nc6 7. Bf4 Nxc5 8. Bd3 Be7 9. h4 a6 10. h5 f5 11. Rh3 0-0 12. Rg3 Kh8 13. Qd2 b5 14. Kf1 b4 15. Nd1 a5 16. Kg1 Ba6 17. Bxa6 Rxa6 18. Nd4 Nxd4 19. Qxd4 Ne4 20. Rh3 Rc6 21. Qd3 Bg5 22. Bxg5 Qxg5 23. Ne3 f4 24. Nf1 Qxe5 25. Rb1 Rfc8 26. Nh2 Rxc2 27. Ng4 Rc1+ 28. Rxc1 Rxc1+ 29. Kh2 Qf5 30. f3 Ng3 31. Rxg3 fxg3+ 32. Kxg3 Qxd3 0-1

[Event "Titled Tuesday intern op 25th Jun Early"]
[Site "Chess.com INT"]
[Date "2024.06.25"]
[Round "11"]
[White "Dobrowolski, Piotr"]
[Black "Kaliakhmet, Elnaz"]
[Result "1/2-1/2"]
[WhiteElo "2412"]
[BlackElo "2138"]
[PlyCount "120"]
[EventDate "2024.06.25"]
[EventType "swiss (blitz)"]
[EventRounds "11"]
[EventCountry "USA"]
[SourceTitle "EXT 2025"]
[Source "ChessBase"]
[SourceDate "2024.10.14"]
[SourceVersion "1"]
[SourceVersionDate "2024.10.14"]
[SourceQuality "1"]

1. e4 c5 2. Nf3 Nc6 3. d4 cxd4 4. Nxd4 e5 5. Nb5 d6 6. a4 a6 7. N5c3 Nf6 8. Na3 Be6 9. Nc4 d5 10. exd5 Nxd5 11. Nxd5 Bxd5 12. Be3 Be6 13. c3 Be7 14. Qf3 0-0 15. Rd1 Qe8 16. Nd6 Bxd6 17. Rxd6 Rd8 18. Bc5 Ne7 19. Qxb7 Qxa4 20. Qxa6 Qc2 21. Qd3 Qc1+ 22. Qd1 Qxd1+ 23. Rxd1 Rxd1+ 24. Kxd1 Bb3+ 25. Kc1 Rd8 26. Be2 Nf5 27. g3 Rc8 28. Ba3 Nd4 29. Bd3 g6 30. h4 f5 31. Kd2 Nf3+ 32. Ke3 e4 33. Be2 Ne5 34. Kf4 Nc4 35. Bxc4+ Rxc4 36. h5 Kg7 37. hxg6 hxg6 38. Ke5 Rc8 39. Bb4 Re8+ 40. Kf4 Kf6 41. Ra1 Re6 42. Ra3 Bd5 43. Ke3 g5 44. b3 Ke5 45. c4 f4+ 46. gxf4+ gxf4+ 47. Kd2 Bc6 48. Ra5+ Kf6 49. Bc3+ Kg6 50. Ra6 e3+ 51. fxe3 fxe3+ 52. Ke1 Kf5 53. b4 Ke4 54. b5 Bd7 55. Rxe6+ Bxe6 56. c5 Kd5 57. c6 Kd6 58. Ke2 Bc4+ 59. Kxe3 Bxb5 60. c7 Kxc7 1/2-1/2

[Event "Titled Tuesday intern op 25th Jun Early"]
[Site "Chess.com INT"]
[Date "2024.06.25"]
[Round "4"]
[White "Dobrowolski, Piotr"]
[Black "Klekowski, Maciej"]
[Result "0-1"]
[WhiteElo "2412"]
[BlackElo "2463"]
[PlyCount "140"]
[EventDate "2024.06.25"]
[EventType "swiss (blitz)"]
[EventRounds "11"]
[EventCountry "USA"]
[SourceTitle "EXT 2025"]
[Source "ChessBase"]
[SourceDate "2024.10.14"]
[SourceVersion "1"]
[SourceVersionDate "2024.10.14"]
[SourceQuality "1"]

1. e4 b6 2. d4 Bb7 3. Bd3 e6 4. Qe2 Nf6 5. Nf3 d5 6. Nbd2 Be7 7. e5 Nfd7 8. c3 c5 9. 0-0 Nc6 10. a3 a6 11. Re1 b5 12. Nf1 h5 13. h4 Bxh4 14. Nxh4 Qxh4 15. Nh2 cxd4 16. Nf3 Qg4 17. cxd4 Nxd4 18. Nxd4 Qxd4 19. Be3 Qg4 20. f3 Qg3 21. Bf2 Qg5 22. Bd4 Rc8 23. Qf2 h4 24. f4 Qg4 25. Kh2 Qg3+ 26. Qxg3 hxg3+ 27. Kxg3 Nc5 28. Bxc5 Rxc5 29. Rac1 Rxc1 30. Rxc1 Kd7 31. Kf2 Rh4 32. Kg3 Rh5 33. Be2 Rh8 34. Bf3 a5 35. Kf2 g5 36. fxg5 Rg8 37. Rc5 Bc6 38. a4 bxa4 39. Rxa5 Rxg5 40. Ra7+ Ke8 41. Ke3 Rxe5+ 42. Kd4 Re1 43. Kc5 Rc1+ 44. Kd6 Kf8 45. Bh5 Be8 46. g4 Rc6+ 47. Ke5 Kg7 48. Re7 Rc8 49. g5 Kf8 50. Kf6 Rc4 51. Ra7 Rf4+ 52. Ke5 Rf5+ 53. Kd6 Rxg5 54. Bd1 d4 55. Ra8 Rd5+ 56. Kc7 Ke7 57. Bf3 Rd7+ 58. Kb6 d3 59. Kc5 d2 60. Bd1 f5 61. Kc4 Rd6 62. Kc3 Bd7 63. Ra7 Kf6 64. Ra8 e5 65. Rf8+ Kg5 66. Rh8 e4 67. Rg8+ Kf4 68. Rd8 Rd3+ 69. Kc2 a3 70. bxa3 Ba4+ 0-1

[Event "Titled Tuesday intern op 25th Jun Early"]
[Site "Chess.com INT"]
[Date "2024.06.25"]
[Round "1"]
[White "Dobrowolski, Piotr"]
[Black "Sanchez Castillo, Sarai Carolina"]
[Result "1-0"]
[WhiteElo "2412"]
[BlackElo "2064"]
[PlyCount "59"]
[EventDate "2024.06.25"]
[EventType "swiss (blitz)"]
[EventRounds "11"]
[EventCountry "USA"]
[SourceTitle "EXT 2025"]
[Source "ChessBase"]
[SourceDate "2024.10.14"]
[SourceVersion "1"]
[SourceVersionDate "2024.10.14"]
[SourceQuality "1"]

1. e4 e6 2. Nf3 d5 3. Nc3 d4 4. Ne2 c5 5. c3 Nc6 6. cxd4 cxd4 7. Qa4 Nge7 8. Nexd4 Bd7 9. Nb5 Ng6 10. d4 Bb4+ 11. Bd2 Bxd2+ 12. Nxd2 0-0 13. Nf3 a6 14. Nc3 Rc8 15. Qd1 b5 16. Be2 Nf4 17. 0-0 Qf6 18. d5 exd5 19. Nxd5 Nxd5 20. exd5 Ne7 21. Qd2 Rfd8 22. Rfd1 Bg4 23. h3 Bh5 24. d6 Nf5 25. g4 Qg6 26. Ne5 Qe6 27. gxf5 Qxe5 28. Bxh5 Qxf5 29. Bg4 Qg6 30. Qd3 1-0

[Event "Titled Tuesday intern op 25th Jun Early"]
[Site "Chess.com INT"]
[Date "2024.06.25"]
[Round "3"]
[White "Essing, Arnold"]
[Black "Dobrowolski, Piotr"]
[Result "0-1"]
[WhiteElo "2230"]
[BlackElo "2412"]
[PlyCount "52"]
[EventDate "2024.06.25"]
[EventType "swiss (blitz)"]
[EventRounds "11"]
[EventCountry "USA"]
[SourceTitle "EXT 2025"]
[Source "ChessBase"]
[SourceDate "2024.10.14"]
[SourceVersion "1"]
[SourceVersionDate "2024.10.14"]
[SourceQuality "1"]

1. d4 e6 2. Nf3 c5 3. e3 Nf6 4. c4 a6 5. Nc3 d5 6. cxd5 exd5 7. Be2 Nc6 8. 0-0 Bd6 9. b3 0-0 10. Bb2 Re8 11. Rc1 cxd4 12. Nxd4 Ne5 13. h3 Bb8 14. Na4 Qd6 15. f4 Ng6 16. Qd3 Ba7 17. Bf3 Bd7 18. Nc3 Nh4 19. Nce2 Nxf3+ 20. Rxf3 Ne4 21. Rff1 Bb6 22. Nc3 Ng3 23. Rf3 Ne4 24. Rff1 Bxh3 25. gxh3 Qg6+ 26. Kh1 Ng3+ 0-1